<?xml version="1.0" encoding="UTF-8"?>
<record
    xmlns:xsi="http://www.w3.org/2001/XMLSchema-instance"
    xsi:schemaLocation="http://www.loc.gov/MARC21/slim http://www.loc.gov/standards/marcxml/schema/MARC21slim.xsd"
    xmlns="http://www.loc.gov/MARC21/slim">

  <leader>00982nam a2200205   4500</leader>
  <datafield tag="999" ind1=" " ind2=" ">
    <subfield code="c">8643</subfield>
    <subfield code="d">8643</subfield>
  </datafield>
  <controlfield tag="001">22761</controlfield>
  <controlfield tag="003">BD-DhUAP</controlfield>
  <controlfield tag="005">20250707164941.0</controlfield>
  <controlfield tag="008">250707b2020    bg a|||| |||| 001 0aBan d</controlfield>
  <datafield tag="020" ind1=" " ind2=" ">
    <subfield code="a">978&#x2011;984&#x2011;879908&#x2011;6</subfield>
  </datafield>
  <datafield tag="040" ind1=" " ind2=" ">
    <subfield code="a">BD-DhUAP</subfield>
    <subfield code="b">BAN</subfield>
    <subfield code="c">BD-DhUAP</subfield>
    <subfield code="d">BD-DhUAP</subfield>
    <subfield code="e">BD-DhUAP</subfield>
  </datafield>
  <datafield tag="082" ind1=" " ind2=" ">
    <subfield code="2">23</subfield>
    <subfield code="a">701.17 RAH</subfield>
  </datafield>
  <datafield tag="245" ind1=" " ind2=" ">
    <subfield code="a"> &#x9B8;&#x9CC;&#x9A8;&#x9CD;&#x9A6;&#x9B0;&#x9CD;&#x9AF; &#x9B6;&#x9BF;&#x9B2;&#x9CD;&#x9AA;&#x995;&#x9B2;&#x9BE; &#x993; &#x9A8;&#x9A8;&#x9CD;&#x9A6;&#x9A8;&#x9A4;&#x9A4;&#x9CD;&#x9A4;&#x9CD;&#x9AC; &#x2013; &#x99A;&#x9A4;&#x9C1;&#x9B0;&#x9CD;&#x9A5; &#x996;&#x9A3;&#x9CD;&#x9A1;/</subfield>
    <subfield code="c">&#x9A1;. &#x98F;&#x9AE;. &#x9AE;&#x9A4;&#x9BF;&#x989;&#x9B0; &#x9B0;&#x9B9;&#x9AE;&#x9BE;&#x9A8; (&#x9B8;&#x9AE;&#x9CD;&#x9AA;&#x9BE;&#x9A6;&#x995;)&#x964;</subfield>
  </datafield>
  <datafield tag="250" ind1=" " ind2=" ">
    <subfield code="a">&#x9AA;&#x9CD;&#x9B0;&#x9A5;&#x9AE; &#x9AA;&#x9CD;&#x9B0;&#x995;&#x9BE;&#x9B6;</subfield>
  </datafield>
  <datafield tag="260" ind1=" " ind2=" ">
    <subfield code="a">&#x9A2;&#x9BE;&#x995;&#x9BE;;</subfield>
    <subfield code="b">&#x985;&#x9AC;&#x9B8;&#x9B0; &#x9AA;&#x9CD;&#x9B0;&#x995;&#x9BE;&#x9B6;&#x9A8;&#x9BE; &#x9B8;&#x982;&#x9B8;&#x9CD;&#x9A5;&#x9BE; ,</subfield>
    <subfield code="c">&#x9E8;&#x9E6;&#x9E8;&#x9E9;&#x964;</subfield>
  </datafield>
  <datafield tag="300" ind1=" " ind2=" ">
    <subfield code="a">&#x9EA;&#x9E7;&#x9EB; &#x9AA;&#x9C3;&#x9B7;&#x9CD;&#x9A0;&#x9BE; ,</subfield>
    <subfield code="c">&#x9E8;&#x9E8; &#x9B8;&#x9C7;&#x9AE;&#x9BF; &#x964;</subfield>
  </datafield>
  <datafield tag="650" ind1=" " ind2=" ">
    <subfield code="a">&#x995;&#x9B2;&#x9BE;, &#x9B8;&#x982;&#x9B8;&#x9CD;&#x995;&#x9C3;&#x9A4;&#x9BF;, &#x990;&#x9A4;&#x9BF;&#x9B9;&#x9CD;&#x9AF;&#x9AC;&#x9BF;&#x9B7;&#x9AF;&#x9BC;&#x995; &#x9AA;&#x9CD;&#x9B0;&#x9AC;&#x9A8;&#x9CD;&#x9A7; &#x964;</subfield>
  </datafield>
  <datafield tag="700" ind1=" " ind2=" ">
    <subfield code="a">&#x9A1;. &#x98F;&#x9AE;. &#x9AE;&#x9A4;&#x9BF;&#x989;&#x9B0; &#x9B0;&#x9B9;&#x9AE;&#x9BE;&#x9A8; &#x964;</subfield>
    <subfield code="e">(&#x9B8;&#x9AE;&#x9CD;&#x9AA;&#x9BE;&#x9A6;&#x995;)&#x964;</subfield>
  </datafield>
  <datafield tag="942" ind1=" " ind2=" ">
    <subfield code="2">ddc</subfield>
    <subfield code="c">BK</subfield>
  </datafield>
  <datafield tag="952" ind1=" " ind2=" ">
    <subfield code="0">0</subfield>
    <subfield code="1">0</subfield>
    <subfield code="2">ddc</subfield>
    <subfield code="4">0</subfield>
    <subfield code="7">0</subfield>
    <subfield code="a">UAPCL</subfield>
    <subfield code="b">UAPCL</subfield>
    <subfield code="c">General Stacks</subfield>
    <subfield code="d">2025-07-07</subfield>
    <subfield code="o">701.17 RAH V-4</subfield>
    <subfield code="p">3010022761</subfield>
    <subfield code="r">2025-07-07</subfield>
    <subfield code="t">1</subfield>
    <subfield code="v">375.00</subfield>
    <subfield code="w">2025-07-07</subfield>
    <subfield code="y">BK</subfield>
  </datafield>
</record>
